Представление документа в формате MARC21

Поле Инд. ПП Название Значение
Тип записи a
Библиографический уровень m
001 Контрольный номер 6577f234-d3dd-49af-9a0f-f50bdcde5b04
005 Дата корректировки 20140703162305.8
008 Кодируемые данные 071220
020 a ISBN 978-5-691-01665-3 (ч. 1)
a ISBN 978-5-691-01664-6
c Цена, тираж 145.09
040 a Служба первич. каталог. НБ ТвГУ
041 a Код языка текста rus
080 a Индекс УДК 930.85(075.3)
a Индекс УДК 7.03(100)(075.3)
084 a Индекс другой классификации/Индекс ББК Т3(0)0-7я721-1
a Индекс другой классификации/Индекс ББК Щ03(0)я721-1
090 x Авторский знак Р23
a Полочн. индекс Т3(0)
100 1_ a Автор Рапацкая Людмила Александровна
245 10 a Заглавие Мировая художественная культура. 11 класс
n Номер части/ раздела Ч. 1
b Продолж. заглавия учебник : в 2 ч.
c Ответственность Л. А. Рапацкая
260 0_ a Место издания Москва
b Издательство ВЛАДОС
c Дата издания 2008
300 a Объем 382, [2] с.
b Иллюстрации/ тип воспроизводства ил., цв. ил.
c Размеры 23 см
504 a Библиография Библиогр. в конце кн.
583 a Действие Получение впервые 331 18.12.2007
k Исполнитель действия ООО "Владос"
650 a Основная рубрика Культура
x Основная подрубрика История
x Основная подрубрика Учебники для средней школы
650 a Основная рубрика Искусство
x Основная подрубрика История
650 a Основная рубрика Литература
x Основная подрубрика История
653 a Ключевые слова Культура
a Ключевые слова История культуры
a Ключевые слова Всемирная история
a Ключевые слова Художественная культура
a Ключевые слова Мировая культура
a Ключевые слова Русская культура
a Ключевые слова Искусство
a Ключевые слова История искусства
a Ключевые слова Литература
852 t Порядковый номер экземпляра 2
p Инвентарный номер 897564
p Инвентарный номер 897565
863 t 00200734
863 t 00200733
888 a За счет средств университета
930 a Новая/Ретро учебники
952 p 331.2007 145.09 1 897564
p 331.2007 145.09 1 897565
c Вид литературы К ру
954 a Дата поступления на обработку 20080118
999 a Подразделение 2 Фил2